| 000 | 00637nam a2200229Ia 4500 | ||
|---|---|---|---|
| 008 | 170203s9999 xx 000 0 und d | ||
| 020 | _a9780785310297 | ||
| 050 | _aFic | ||
| 050 | _bG618p | ||
| 100 | _aGoldenberg, Dorothea. | ||
| 245 | _aPeter Pan / | ||
| 245 | _ccontributing writer, Dorothea Goldenberg ; illustrations by Gary Torrisi. | ||
| 260 | _aLincolnwood, Ill. : | ||
| 260 | _bPublications International, | ||
| 260 | _c©1994. | ||
| 300 | _a19 unnumbered pages : | ||
| 300 | _bcolor illustrations ; | ||
| 300 | _c20 cm. | ||
| 440 | _aLittle rainbow books. | ||
| 650 | _aFairy tales. | ||
| 650 | _aFantasy. | ||
| 999 |
_c306464 _d306464 |
||